01061nam a2200193Ia 4500001001100000003001000011008004100021040002500062041001300087100001900100245009500119250001100214260008400225300001200309500019900321501011400520520019900634650003400833L240-46689IT-CnALBA170116s9999||||xx |||||||||||||| ||und|| aIT-CnALBAcIT-CnALBA aITALIANO aPASCUTTO LUIGI 0aFACCIAMO DONO DELLA NOSTRA VITA AI BAMBINI E AI RAGAZZI. LETTERE E MEDITAZIONI CULTURA...  a1a ed. a UDINE.bFRIULANE ARTI GRAFICHE c1996 [1° Ed.:1996 - Ed.Ling.Originale: 1996] a341 p.  a...GENERALE E RELIGIOSA. TESTIMONIANZE DI APPREZZAMANTO DELL'OPERA. CONVERSAZIONI CON PERSONALITÀ. CULTURA E ATTIVITÀ RICREATIVE. LETTERE DI IMPEGNO CULTURALE. LETTERE BREVI. ALTRE LETTERE.  aSocietà San Paolo EM - Piazza San Paolo, 14 - 12051 ALBA (CN) (non commercial uses only) ® Copyright 2017 a...GENERALE E RELIGIOSA. TESTIMONIANZE DI APPREZZAMANTO DELL'OPERA. CONVERSAZIONI CON PERSONALITÀ. CULTURA E ATTIVITÀ RICREATIVE. LETTERE DI IMPEGNO CULTURALE. LETTERE BREVI. ALTRE LETTERE.  aTEOLOGIA SPIRITUALE CRISTIANA